000 00646cam a22002293a 4500
001 14506
003 PGUSA
005 20140828083318.0
008 041229s2004||||xxu|||||s|||||000 1 eng d
040 _aPGUSA
_beng
042 _adc
050 4 _aPS
100 1 _aAbbott, Eleanor Hallowell,
_d1872-1958
245 1 4 _aThe White Linen Nurse
_h[electronic resource] /
_cEleanor Hallowell Abbott
260 _bProject Gutenberg,
_c2004
506 _aPublic domain in the USA.
516 _aElectronic text
653 _aNurses -- Fiction
830 0 _aProject Gutenberg
_v14506
856 4 0 _uhttp://www.gutenberg.org/ebooks/14506
942 _cEB
999 _c243761
_d243761